000 00612nam a22001937a 4500
005 20150908125330.0
010 _aENG-113449
020 _c1100.00
_a9789350351666
035 _aEN-96981
037 _bDBAD/PUB
082 _a341.48
245 _aHuman rights in 21st century :
_cedited by Gurdip Singh [and] V.K.Ahuja
_bchanging dimensions /
260 _aDelhi
_bUniversal Law Publishing
_c2012
270 _aA-58, G.T. Karnal Road Industrial Area,
_bDelhi
_e110033
300 _axiii,949p.
_c25cm(Hb)
700 _aGurdip Singh
700 _aAhuja, V.K.
942 _2ddc
_cEN
_mHUM
_h341.48
999 _c94860
_d94860